<?xml version="1.0" encoding="UTF-8"?>
<record
    xmlns:xsi="http://www.w3.org/2001/XMLSchema-instance"
    xsi:schemaLocation="http://www.loc.gov/MARC21/slim http://www.loc.gov/standards/marcxml/schema/MARC21slim.xsd"
    xmlns="http://www.loc.gov/MARC21/slim">

  <leader>04476cam a22003495i 4500</leader>
  <datafield tag="999" ind1=" " ind2=" ">
    <subfield code="c">27927</subfield>
    <subfield code="d">27898</subfield>
  </datafield>
  <controlfield tag="001">16441018</controlfield>
  <controlfield tag="003">EG-ScBUE</controlfield>
  <controlfield tag="005">20191221103608.0</controlfield>
  <controlfield tag="008">100831t20112011njua   f b    001 0 eng d</controlfield>
  <datafield tag="020" ind1=" " ind2=" ">
    <subfield code="a">9780470651247 (hardback)</subfield>
  </datafield>
  <datafield tag="035" ind1=" " ind2=" ">
    <subfield code="a">(OCoLC)ocn661184186</subfield>
  </datafield>
  <datafield tag="040" ind1=" " ind2=" ">
    <subfield code="a">DLC</subfield>
    <subfield code="b">eng</subfield>
    <subfield code="e">rda</subfield>
    <subfield code="c">DLC</subfield>
    <subfield code="d">YDX</subfield>
    <subfield code="d">IEB</subfield>
    <subfield code="d">YDXCP</subfield>
    <subfield code="d">CDX</subfield>
    <subfield code="d">BWX</subfield>
    <subfield code="d">CSA</subfield>
    <subfield code="d">DLC</subfield>
    <subfield code="d">EG-ScBUE</subfield>
  </datafield>
  <datafield tag="082" ind1="0" ind2="4">
    <subfield code="a">658.872</subfield>
    <subfield code="b">SMI</subfield>
    <subfield code="2">22</subfield>
  </datafield>
  <datafield tag="100" ind1="1" ind2=" ">
    <subfield code="a">Smith, Nick,</subfield>
    <subfield code="d">1962-</subfield>
    <subfield code="e">author.</subfield>
  </datafield>
  <datafield tag="245" ind1="1" ind2="4">
    <subfield code="a">The social media management handbook :</subfield>
    <subfield code="b">everything you need to know to get social media working in your business /</subfield>
    <subfield code="c">Nick Smith and Robert Wollan, with Catherine Zhou.</subfield>
  </datafield>
  <datafield tag="264" ind1=" " ind2="1">
    <subfield code="a">Hoboken, New Jersey :</subfield>
    <subfield code="b">John Wiley &amp; Sons,</subfield>
    <subfield code="c">[2011]</subfield>
  </datafield>
  <datafield tag="264" ind1=" " ind2="4">
    <subfield code="c">c2011</subfield>
  </datafield>
  <datafield tag="300" ind1=" " ind2=" ">
    <subfield code="a">xv, 328 pages :</subfield>
    <subfield code="b">illustrations ;</subfield>
    <subfield code="c">24 cm</subfield>
  </datafield>
  <datafield tag="336" ind1=" " ind2=" ">
    <subfield code="a">text</subfield>
    <subfield code="b">txt</subfield>
    <subfield code="2">rdacontent</subfield>
  </datafield>
  <datafield tag="337" ind1=" " ind2=" ">
    <subfield code="a">unmediated</subfield>
    <subfield code="b">n</subfield>
    <subfield code="2">rdamedia</subfield>
  </datafield>
  <datafield tag="338" ind1=" " ind2=" ">
    <subfield code="a">volume</subfield>
    <subfield code="b">nc</subfield>
    <subfield code="2">rdacarrier</subfield>
  </datafield>
  <datafield tag="504" ind1=" " ind2=" ">
    <subfield code="a">Includes bibliographical references and index.</subfield>
  </datafield>
  <datafield tag="505" ind1="0" ind2="0">
    <subfield code="g">I. Social media strategy for organizations --</subfield>
    <subfield code="t">The power and business risks of social media /</subfield>
    <subfield code="r">Nick Smith and Robert Wollan --</subfield>
    <subfield code="t">How to develop a social media strategy /</subfield>
    <subfield code="r">Chris Boudreaux --</subfield>
    <subfield code="t">Social media ROI: new metrics for customer health /</subfield>
    <subfield code="r">Kevin Quiring --</subfield>
    <subfield code="t">Selling social media within the organization /</subfield>
    <subfield code="r">Rober Wollan --</subfield>
    <subfield code="g">II. Marketing and sales in social media --</subfield>
    <subfield code="t">Social media and the voice of the customer /</subfield>
    <subfield code="r">Chris Zinner and Catherine Zhou</subfield>
    <subfield code="t">Integrating social CRM insights into the customer analytics function /</subfield>
    <subfield code="r">Rayid Ghani and Sarah Bentley</subfield>
    <subfield code="t">Using social media to drive product development and find new services to sell /</subfield>
    <subfield code="r">Adi Alon and A.J. Gupta</subfield>
    <subfield code="t">Social community marketing and selling /</subfield>
    <subfield code="r">Robert Wollan and Andre Trochymiuk --</subfield>
    <subfield code="g">III. Customer service and support with social media --</subfield>
    <subfield code="t">Using social media in customer service and support /</subfield>
    <subfield code="r">Stephanie Sadowski --</subfield>
    <subfield code="t">Social media: responding to customer complaints /</subfield>
    <subfield code="r">Todd R. Wagner --</subfield>
    <subfield code="t">Staying out of trouble: complying with FTC disclosures /</subfield>
    <subfield code="r">Chris Boudreaux --</subfield>
    <subfield code="g">IV. Beyond the "pilot" phase: the core components of the agile digital enterprise --</subfield>
    <subfield code="t">Creating and implementing a social media technology platform /</subfield>
    <subfield code="r">Anatoly Roytman and Joseph Hughes --</subfield>
    <subfield code="t">Social CRM on the move: mobility implications for social media programs /</subfield>
    <subfield code="r">Greg Jenko, Lars Kamp, and Saj Usman</subfield>
    <subfield code="t">New rules for tools: IT infrastructure implications and options for supporting enterprise social media /</subfield>
    <subfield code="r">Robert Wollan and Kelly Dempski --</subfield>
    <subfield code="g">V. Empowering employees for social media success --</subfield>
    <subfield code="t">Culture traits, employee incentives, and training /</subfield>
    <subfield code="r">Christine Eberle --</subfield>
    <subfield code="t">New roles and responsibilities /</subfield>
    <subfield code="r">Chris Zinner and Vanessa Godshalk --</subfield>
    <subfield code="t">Social media policies /</subfield>
    <subfield code="r">Chris Boudreaux --</subfield>
    <subfield code="t">Social media, collaboration, and value creation in organizations /</subfield>
    <subfield code="r">Robert J. Thomas.</subfield>
  </datafield>
  <datafield tag="520" ind1=" " ind2=" ">
    <subfield code="a">"How do organizations manage social media effectively?    Every organization wants to implement social media, but it is difficult to create processes and mange employees to make this happen. Most social media books focus on strategies for communicating with customers, but they fail to address the internal process that takes place within a business before those strategies can be implemented. This book is geared toward helping you manage every step of the process required to use social media for business.    The Social Media Management Handbook provides a complete toolbox for defining and practicing a coherent social media strategy. It is a comprehensive resource for bringing together such disparate areas as IT, customer service, sales, communications, and more to meet social media goals. Wollan and Smith and their Accenture team explain policies, procedures, roles and responsibilities, metrics, strategies, incentives, and legal issues that may arise. You will learn how to:  Empower employees and teams to utilize social media effectively throughout the organization  Measure the ROI of social media investments and ensure appropriate business value is achieved over time  Make smarter decisions, make them more quickly, and make them stick      Get the most out of your social media investment and fully leverage its benefits at your company with The Social Media Management Handbook"--</subfield>
    <subfield code="c">Provided by publisher.</subfield>
  </datafield>
  <datafield tag="650" ind1=" " ind2="7">
    <subfield code="a">Internet marketing.</subfield>
    <subfield code="2">BUEsh</subfield>
  </datafield>
  <datafield tag="650" ind1=" " ind2="7">
    <subfield code="a">Social media</subfield>
    <subfield code="x">Marketing.</subfield>
    <subfield code="2">BUEsh</subfield>
  </datafield>
  <datafield tag="653" ind1=" " ind2=" ">
    <subfield code="b">COMAME</subfield>
    <subfield code="b">BUSADM</subfield>
    <subfield code="c">December2019</subfield>
  </datafield>
  <datafield tag="700" ind1="1" ind2=" ">
    <subfield code="a">Wollan, Robert,</subfield>
    <subfield code="d">1957-</subfield>
    <subfield code="e">author.</subfield>
  </datafield>
  <datafield tag="700" ind1="1" ind2=" ">
    <subfield code="a">Zhou, Catherine,</subfield>
    <subfield code="e">author.</subfield>
  </datafield>
  <datafield tag="942" ind1=" " ind2=" ">
    <subfield code="2">ddc</subfield>
    <subfield code="c">BB</subfield>
  </datafield>
  <datafield tag="952" ind1=" " ind2=" ">
    <subfield code="0">0</subfield>
    <subfield code="1">0</subfield>
    <subfield code="2">ddc</subfield>
    <subfield code="4">0</subfield>
    <subfield code="7">0</subfield>
    <subfield code="8">Donation-G</subfield>
    <subfield code="a">MAIN</subfield>
    <subfield code="b">MAIN</subfield>
    <subfield code="c">1ST</subfield>
    <subfield code="d">2019-12-21</subfield>
    <subfield code="e">Donation</subfield>
    <subfield code="l">1</subfield>
    <subfield code="m">21</subfield>
    <subfield code="o">658.872 SMI</subfield>
    <subfield code="p">000048450</subfield>
    <subfield code="r">2025-07-15 00:00:00</subfield>
    <subfield code="s">2020-10-17</subfield>
    <subfield code="w">2019-12-21</subfield>
    <subfield code="y">BB</subfield>
  </datafield>
</record>
